000 00368nam a2200157Ia 4500
005 20240807062047.0
008 240806s9999||||xx |||||||||||||| ||eng||
041 _aeng
082 _a954.03
_bISLJ
100 _aShamsul Islam
245 0 _aJasooso ke khutoot /
_cShamsul Islam
260 _bVani Prakashan New Delhi
300 _a193
650 _aHindi
942 _cBK
999 _c7196
_d7196